| 000 | 00835nam a22002657a 4500 | ||
|---|---|---|---|
| 005 | 20141212121103.0 | ||
| 010 | _aENG-111371 | ||
| 020 |
_a9788120350441 _c495.00 |
||
| 035 | _aEN-94903 | ||
| 037 | _bDBAD/PUB | ||
| 082 | _a658.4012 | ||
| 100 | _aBarney, Jay B. | ||
| 245 |
_aStrategic management and competitive advantage / _cby Jay B. Barney [and] William S. Hesterly |
||
| 250 | _a5th ed | ||
| 260 |
_aNew Delhi _bPHI Learning _c2015 |
||
| 270 |
_aRimjhim House, 111, Patparganj Industrial Estate _bNew Delhi _e110092 |
||
| 300 |
_axxi, 373p. : _c25cm(pbk) _bill. |
||
| 500 | _aIncludes indexes | ||
| 650 | _aStrategic planning. | ||
| 650 | _a Business planning. | ||
| 650 | _a Industrial management. | ||
| 650 | _a Competition. | ||
| 700 | _aHesterly, William S. | ||
| 942 |
_2ddc _cEN _mBAR _h658.4012 |
||
| 999 |
_c90294 _d90294 |
||